| 000 | 00628nam a22002417a 4500 | ||
|---|---|---|---|
| 001 | 00096 | ||
| 003 | DO-SdBNP | ||
| 005 | 20160316124452.0 | ||
| 007 | 00096 | ||
| 008 | 160316b sp 1995 ||||| |||| 00| 0 spa d | ||
| 020 | _a9788440658920 | ||
| 040 |
_aBPMSU _bspa _cBPMSU |
||
| 092 |
_axxxxxxxxx _bxxxxxxxxx |
||
| 100 | 1 | 0 | _aStine, R. L. |
| 245 |
_a¡Invisisbles! / _cR. L. Stine ; traducción Concha Pérez |
||
| 260 |
_aBarcelona : _bEdiciones B., _c1995 |
||
| 300 |
_a153 p. : _c20 cm. |
||
| 490 | 0 | 0 | _aPesadillas |
| 700 | 1 | 0 |
_aPérez, Concha, _etr. |
| 830 | 0 | 0 | _aPesadillas |
| 942 |
_2ddc _cBK |
||
| 956 | _aBrenda Tavárez | ||
| 999 |
_c9261 _d9261 |
||